000 01196nam a2200265 i 4500
001 129764
003 ES-MaACL
005 20230906193553.0
007 t|
008 070705s1964 sp co |||| |dspa d
080 _a821.134.2-22"18"
100 1 _aEchegaray, José,
_d1832-1916
_946526
245 1 0 _aTeatro escogido /
_cJosé Echegaray, Premio Nobel 1904 ; prólogo de Amando Lázaro Ros.
250 _a5ª ed.
260 _a[Madrid] :
_bAguilar,
_c1964.
300 _a1325 p. :
_bretr., fot. ;
_c19 cm.
490 1 _aBiblioteca Premios Nobel
505 8 _aContiene: ;
_tEl libro talonario ;
_tLa última noche ;
_tEn el puño de la espada ;
_tO locura o santidad ;
_tEn el seno de la muerte ;
_tLa muerte en los labios ;
_tEl gran galeoto ;
_tPiensa mal... ¿y acertarás? ;
_tDe mala raza ;
_tSic vos non vobis o La última limosna ;
_tMancha que limpia ;
_tLa duda ;
_tA fuerza de arrastrarse
599 _aEn anteport.: fot. del autor.
599 _aEn port.: "Con 8 ilustraciones"
700 1 _aLázaro Ros, Amando.
_970807
830 0 _aBiblioteca Premios Nobel
_9192994
852 _aES-MaACL
_jE-11826
_z. - Biblioteca Jacinto Martínez Lacalle
999 _c129764
_d129764